| 000 | 00372nam a2200157Ia 4500 | ||
|---|---|---|---|
| 008 | 151213s9999 xx 000 0 und d | ||
| 020 | _a009-922491-7 | ||
| 100 | _aSusan Sontag | ||
| 245 |
_aA Barthes Reader _cSusan Sontag |
||
| 260 |
_aLondon _bVintage _c1982 |
||
| 300 | _a7160 p. | ||
| 650 | _aEnglish | ||
| 650 | _aEnglish | ||
| 700 | _aSusan Sontag | ||
| 999 |
_c3803 _d3803 |
||